000 00460cam a2200193ua 4500
020 _c4.00
041 _aeng
_h
082 _a534
_bRAM/JE
100 _aRamamoorthi, S .
245 _aText book of sound /
_cS Ramamoorthi.
_hTextual Documents
250 _a1 /
_b.
260 _aMadras :
_bNational publishing co. ,
_c1963.
300 _a232 ; .
365 _a4.00
504 _a
700 1 _aRadha, K .
942 _cBK
999 _c11047
_d11047